Marque par emojis - cliquez - Statistiques

Statistiques générales
  • Ce quiz a été pris 887 fois
  • Le résultat moyen est 25 sur 35
Statistiques - réponses
Hint Réponse % Correct
🍏📱🇺🇸 Apple
90%
🐊👕🇫🇷 Lacoste
89%
7️⃣🧃🇺🇸 7 Up
88%
🐓👕🇫🇷 Le Coq sportif
88%
🐮🧀🇫🇷 La vache qui rit
87%
👑⌚️🇨🇭 Rolex
87%
🔴🟠💳🇺🇸 Mastercard
85%
🐮🍫🇨🇭 Milka
84%
➡️📦🇺🇸 Amazon
83%
🏔️💧🇫🇷 Évian
83%
🐆🚗🇬🇧 Jaguar
83%
🃏🧃🇫🇷 Joker
81%
🐴🚗🇮🇹 Ferrari
80%
🌺📱🇨🇳 Huawei
79%
🐭🎬🇺🇸 Disney
78%
⭐️🍺🇳🇱 Heineken
78%
🐚⛽️🇬🇧 Shell
78%
🧜‍♀️☕️🇺🇸 Starbucks
78%
🏇👕🇺🇸 Ralph Lauren
77%
🌐🎒🇺🇸 Eastpak
76%
⛹🏾🏀👟🇺🇸 Jordan
74%
🦁🚗🇫🇷 Peugeot
72%
🍊🧃🇫🇷 Orangina
70%
🌊🏄⛷️🇦🇺 Quiksilver
64%
🦌🚜🇺🇸 John Deere
63%
✔️👕🇺🇸 Nike
63%
🟥🥩🇩🇪 Herta
60%
🐂🧃🇦🇹 Red Bull
59%
⚡️🚗🇩🇪 Opel
57%
☀️🍾🇫🇷 Ricard
57%
🟠🚗🇬🇧 McLaren
54%
🐥🏬🇫🇷 Auchan
50%
🐆👕🇫🇷 Airness
39%
🔷👕🇬🇧 Umbro
39%
🐴🛞🇩🇪 Continental
26%
Aucun quiz correspondant
Distribution des résultats
% des personnes avec chaque résultat
Percentile par nombre de réponses
Votre historique - résultats
Vous n’avez pas pris ce quiz